| 000 | 00567 a2200181 4500 | ||
|---|---|---|---|
| 999 |
_c8315 _d8315 |
||
| 020 | _a0340804270 | ||
| 050 | _aQA75.5 MOT 2002 | ||
| 100 |
_aMott, Julian _eauthor |
||
| 245 |
_aInformation and Communication Technology for AS Level / _cJulian Mott & Anne Leeming |
||
| 264 |
_aLondon : _bHodder & Stoughton, _c2002. |
||
| 300 |
_avi, 282pages : _billustrations |
||
| 500 | _aIncludes index | ||
| 650 | _aInformation technology. | ||
| 650 | _aTelecommunication. | ||
| 650 | _aComputer science. | ||
| 700 |
_aLeeming, Anne _eauthor |
||
| 942 |
_2lcc _cBK _h75.5 _iMOT _kQA |
||